| 000 | 00608nam a22001937a 4500 | ||
|---|---|---|---|
| 005 | 20251108170504.0 | ||
| 008 | 250721s1993 xx 000 0 ara d | ||
| 082 | 1 | 4 | _a414.3/همذ |
| 100 | 1 | _aالهمذاني، أبو الفضل أحمد بن الحسين | |
| 245 | 1 | 0 | _aمقامات بديع الزمان الهمذاني / |
| 264 | 1 |
_aبيروت : _bمكتبة الهلال، _c1993. |
|
| 300 | _a214ص | ||
| 650 | 1 | 7 | _aاللغة العربية |
| 650 | 1 | 7 | _aعلم البديع |
| 650 | 1 | 7 | _aالبلاغة |
| 700 | 1 |
_aبو ملحم، علي _eتحقيق |
|
| 942 |
_2ddc _cBK |
||
| 999 |
_c41710 _d41710 |
||